[Event "XIII Torneo Leonardo di Bona Nazionale"]
[Site "Cutro ITA"]
[Date "2007.05.01"]
[Round "9"]
[White "Di Mauro, Sebastiano"]
[Black "Frontera, Giuseppe"]
[Result "1-0"]
[WhiteElo "1814"]
[BlackElo "1877"]
[PlyCount "57"]
[EventDate "2007.04.23"]

1. e4 c5 2. Nf3 d6 3. d4 cxd4 4. Nxd4 Nf6 5. Nc3 a6 6. Bg5 e6 7. f4 Be7 8. Qf3
Qc7 9. O-O-O O-O 10. g4 b5 11. Bxf6 Bxf6 12. g5 Bxd4 13. Rxd4 Bb7 14. a3 Nc6
15. Rd2 b4 16. axb4 Nxb4 17. Bd3 Qa5 18. Rdd1 Rac8 19. Kd2 Nxd3 20. Qxd3 d5 21.
exd5 exd5 22. Ra1 Qc7 23. Rhf1 Rfe8 24. Qd4 Qd7 25. Rae1 Rxe1 26. Rxe1 g6 27.
Ne4 Rc4 28. Nf6+ Kh8 29. Qxc4 1-0

[Event "XIII Torneo Leonardo di Bona Nazionale"]
[Site "Cutro ITA"]
[Date "2007.05.01"]
[Round "9"]
[White "Guzzo, Giovanni"]
[Black "Rizzuti, Pasquale"]
[Result "1/2-1/2"]
[WhiteElo "1792"]
[BlackElo "1835"]
[PlyCount "125"]
[EventDate "2007.04.23"]

1. Nf3 b6 2. g3 Bb7 3. Bg2 Nf6 4. d3 g6 5. O-O Bg7 6. c3 O-O 7. b3 Re8 8. Bb2
e5 9. Nbd2 d5 10. Re1 c5 11. e4 Nc6 12. exd5 Nxd5 13. a3 Nde7 14. Qc2 Qd7 15.
Rad1 Rad8 16. Nf1 Ba6 17. c4 Nd4 18. Nxd4 exd4 19. Re2 Bb7 20. Rde1 Bxg2 21.
Kxg2 Nc6 22. f4 Ne7 23. a4 Nc6 24. Re4 f5 25. R4e2 Nb4 26. Qd2 Kf7 27. h3 Qc6+
28. Kf2 Bf6 29. Rxe8 Rxe8 30. Rxe8 Kxe8 31. Qe2+ Kf7 32. Bc1 a6 33. h4 h5 34.
Bb2 b5 35. axb5 axb5 36. Nd2 bxc4 37. bxc4 Qa4 38. Nf3 Qb3 39. Ne1 Qa2 40. Bc1
Qb1 41. Bd2 Qb3 42. Qf3 Be7 43. Ke2 Qa2 44. Qg2 Qa6 45. Qf3 Qe6+ 46. Kd1 Qd7
47. Ke2 Na2 48. Qd5+ Qxd5 49. cxd5 Nb4 50. Bxb4 cxb4 51. Nf3 b3 52. Kd2 Bb4+
53. Kc1 Bc3 54. Ne5+ Ke7 55. Nxg6+ Kd6 56. Ne5 Kxd5 57. Nf3 Ke6 58. Kb1 Kd5 59.
Kc1 Kd6 60. Kb1 Kc5 61. Kc1 Kd6 62. Kd1 Kc5 63. Kc1 1/2-1/2

[Event "XIII Torneo Leonardo di Bona Nazionale"]
[Site "Cutro ITA"]
[Date "2007.05.01"]
[Round "9"]
[White "Levato, Biagio"]
[Black "Camposano, Antonio"]
[Result "1-0"]
[WhiteElo "1495"]
[BlackElo "1350"]
[PlyCount "55"]
[EventDate "2007.04.23"]

1. Nf3 e6 2. g3 Nf6 3. Bg2 Be7 4. O-O O-O 5. d3 d5 6. Nbd2 c6 7. e4 Nbd7 8. e5
Ne8 9. Re1 Qb6 10. d4 Qc7 11. c3 b5 12. h4 g6 13. Nf1 Ng7 14. Ne3 f5 15. exf6
Bxf6 16. Ng4 Be7 17. Ng5 Nf5 18. Nxe6 Qb8 19. Nxf8 Kxf8 20. Qf3 Ke8 21. Bg5 Qd6
22. Bf4 Nxd4 23. Bxd6 Nxf3+ 24. Bxf3 Nb6 25. Rxe7+ Kd8 26. Ne5 Be6 27. Nxc6+
Kc8 28. Rc7# 1-0

[Event "XIII Torneo Leonardo di Bona Nazionale"]
[Site "Cutro ITA"]
[Date "2007.05.01"]
[Round "9"]
[White "Olivo, Gaetano"]
[Black "Virelli, Salvatore"]
[Result "1-0"]
[WhiteElo "1571"]
[BlackElo "1524"]
[PlyCount "107"]
[EventDate "2007.04.23"]

1. e4 c5 2. c3 d6 3. a3 Nf6 4. Qf3 a6 5. d4 cxd4 6. cxd4 e6 7. Nc3 Be7 8. Bc4
Qc7 9. Bb3 Nc6 10. Nge2 O-O 11. O-O e5 12. d5 Na5 13. Bc2 h6 14. Bd3 b5 15. b4
Nc4 16. a4 bxa4 17. Nxa4 Rb8 18. Rb1 Bd7 19. Nac3 Rb7 20. Be3 Rfb8 21. Na2 Bb5
22. Rfc1 Rc8 23. Ng3 Qd7 24. Nf5 Bf8 25. Nc3 Na3 26. Rb3 Bxd3 27. Rxa3 Rxc3 28.
Raxc3 Bxe4 29. Nxh6+ Kh8 30. Qe2 gxh6 31. Qxa6 Nxd5 32. Rc8 Kg7 33. Qa8 Nxe3
34. fxe3 Qe7 35. Qa6 Rxb4 36. Qa2 Qg5 37. R8c7 Rb5 38. Rf1 Rb7 39. Rfxf7+ Kg8
40. Rxb7 Bxb7 41. Rxb7+ Kh8 42. Qc4 Qf5 43. e4 Qf6 44. Rf7 Qd8 45. Qf1 Kg8 46.
Qf5 Bg7 47. Qe6 Kh8 48. Qg6 Qg8 49. Rd7 Bf8 50. Qf6+ Bg7 51. Qxd6 Qc4 52. Qb8+
Kh7 53. Qxe5 Qc1+ 54. Kf2 1-0

[Event "XIII Torneo Leonardo di Bona Nazionale"]
[Site "Cutro ITA"]
[Date "2007.05.01"]
[Round "9"]
[White "Rotunno, Giuseppe"]
[Black "Paragliola, Gennaro"]
[Result "1-0"]
[WhiteElo "1922"]
[BlackElo "1451"]
[PlyCount "57"]
[EventDate "2007.04.23"]

1. d4 Nf6 2. c4 e6 3. Bg5 Be7 4. e3 O-O 5. Nf3 b6 6. Bd3 Bb7 7. Nc3 h6 8. Bh4
d6 9. O-O Nbd7 10. Rc1 Nh7 11. Bg3 Ng5 12. Nxg5 Bxg5 13. Bb1 Qe8 14. h4 Be7 15.
e4 f5 16. exf5 exf5 17. Ne2 Rf6 18. Re1 Qf7 19. Nf4 g6 20. Rc3 Re8 21. Rce3 Kf8
22. h5 gxh5 23. Bh4 Rg6 24. Rxe7 Rxe7 25. Rxe7 Qg8 26. Nxg6+ Qxg6 27. d5 Bc8
28. Re6 Qg7 29. Qxh5 1-0

[Event "XIII Torneo Leonardo di Bona Nazionale"]
[Site "Cutro ITA"]
[Date "2007.05.01"]
[Round "9"]
[White "Scalise, Sandro"]
[Black "Macri', Pasquale"]
[Result "1-0"]
[WhiteElo "1598"]
[BlackElo "1437"]
[PlyCount "141"]
[EventDate "2007.04.23"]

1. d4 d5 2. Nf3 Bg4 3. Ne5 Nf6 4. Bf4 Nc6 5. h3 Bf5 6. c3 Nh5 7. Bh2 Nxe5 8.
dxe5 g6 9. Nd2 Bd7 10. Qb3 b6 11. e4 Bh6 12. O-O-O dxe4 13. Kb1 e3 14. fxe3
Bf5+ 15. Ka1 Bxe3 16. Nc4 Qc8 17. Nxe3 Be6 18. Bc4 Ng7 19. Rhf1 c6 20. Bxe6
Qxe6 21. Qxe6 Nxe6 22. Nc2 a5 23. Nd4 Nxd4 24. Rxd4 O-O 25. Kb1 f5 26. Rd7 e6
27. Rfd1 h5 28. Bg1 b5 29. Rc7 Rad8 30. Rcd7 Rxd7 31. Rxd7 Rf7 32. Rd6 Re7 33.
Bc5 Re8 34. Rxc6 g5 35. Rb6 g4 36. hxg4 hxg4 37. g3 f4 38. gxf4 g3 39. Rd6 Kh7
40. Kc2 Rc8 41. Bg1 Rc4 42. Rd3 g2 43. Rg3 Rxf4 44. Rxg2 Re4 45. Bd4 b4 46. Kd3
Rh4 47. c4 Rh3+ 48. Be3 a4 49. c5 Rh5 50. Rg5 Rh2 51. c6 b3 52. c7 Rc2 53. axb3
axb3 54. Rg1 Rxc7 55. Rc1 Rd7+ 56. Bd4 Rf7 57. Rc3 Rf3+ 58. Kc4 Rxc3+ 59. Bxc3
Kg7 60. Kxb3 Kf7 61. Kb4 Ke7 62. Kc5 Kd7 63. Kb6 Ke7 64. Kc7 Ke8 65. Kd6 Kf7
66. Kd7 Kg6 67. Kxe6 Kg7 68. Kd7 Kf7 69. e6+ Kf8 70. e7+ Kf7 71. e8=Q# 1-0

[Event "XIII Torneo Leonardo di Bona Nazionale"]
[Site "Cutro ITA"]
[Date "2007.05.01"]
[Round "9"]
[White "Scerra, Ezio"]
[Black "Calomeni, Francesca"]
[Result "1-0"]
[WhiteElo "1398"]
[BlackElo "1356"]
[PlyCount "127"]
[EventDate "2007.04.23"]

1. c4 Nf6 2. Nf3 Nc6 3. e3 e5 4. d3 Bb4+ 5. Bd2 d5 6. cxd5 Nxd5 7. a3 Be7 8. e4
Nf6 9. Be2 O-O 10. Bc3 Bd6 11. Nbd2 Re8 12. Ng5 h6 13. Nxf7 Qd7 14. Bh5 Nxh5
15. Nxd6 Qxd6 16. Qxh5 Bd7 17. O-O-O Nd4 18. Bb4 Qc6+ 19. Bc3 Qa4 20. Bxd4 exd4
21. Qc5 b6 22. Qc4+ Re6 23. Qxa4 Bxa4 24. Rde1 Rc6+ 25. Kb1 Re8 26. Rc1 Ree6
27. Nf3 Rcd6 28. Rxc7 Rf6 29. e5 Rc6 30. Nxd4 Rxc7 31. exf6 gxf6 32. Re1 Kf7
33. b3 Bc6 34. Ne6 Rd7 35. Nf4 Bd5 36. Kc2 Rc7+ 37. Kb2 Rd7 38. g3 a5 39. Rc1
b5 40. Rc5 Bc4 41. bxc4 bxc4 42. Rxc4 Rb7+ 43. Ka2 Ke7 44. Nd5+ Ke6 45. Rc7 Rb5
46. Nf4+ Kd6 47. Rc4 Rd5 48. Nxd5 Kxd5 49. Kb3 f5 50. f4 Ke6 51. Rc6+ Kd5 52.
Rxh6 Kd4 53. Kc2 Ke3 54. a4 Kf2 55. Re6 Kg2 56. Re2+ Kh1 57. Kd2 Kg1 58. h3 Kf1
59. Ke3 Kg1 60. g4 fxg4 61. hxg4 Kf1 62. Kf3 Kg1 63. Ra2 Kf1 64. Ra1# 1-0

[Event "XVI Weekend B"]
[Site "Ceriano Laghetto ITA"]
[Date "2007.03.30"]
[Round "1"]
[White "Albrizio, Mauro"]
[Black "Nardone, Massimo"]
[Result "0-1"]
[WhiteElo "1736"]
[BlackElo "1914"]
[PlyCount "46"]
[EventDate "2007.03.30"]

1. e4 d5 2. exd5 Qxd5 3. Nc3 Qa5 4. Nf3 Bf5 5. d4 c6 6. Bd3 Bg6 7. O-O e6 8.
Ne5 Nf6 9. Nxg6 hxg6 10. Bf4 Nbd7 11. Re1 O-O-O 12. Ne4 Nxe4 13. Rxe4 Nf6 14.
Re5 Qb6 15. Qc1 Qxd4 16. Ra5 Qb6 17. Ra4 Bd6 18. Bxd6 Rxd6 19. b3 Rd4 20. g3
Ng4 21. h4 Rxa4 22. bxa4 Qxf2+ 23. Kh1 Qh2# 0-1

[Event "XVI Weekend B"]
[Site "Ceriano Laghetto ITA"]
[Date "2007.03.30"]
[Round "1"]
[White "Basilico, Davide"]
[Black "Savarese, Vincenzo"]
[Result "0-1"]
[WhiteElo "1632"]
[BlackElo "1866"]
[PlyCount "106"]
[EventDate "2007.03.30"]

1. e4 e6 2. d4 d5 3. exd5 exd5 4. Nf3 Bd6 5. Bd3 Ne7 6. O-O O-O 7. Nc3 Bf5 8.
Re1 c6 9. Rxe7 Bxd3 10. Rxb7 Bc4 11. Ne5 Qc8 12. Nxc4 dxc4 13. Rxb8 Rxb8 14.
Ne4 Bc7 15. c3 Qf5 16. Ng3 Qd3 17. Qxd3 cxd3 18. b3 Rfe8 19. Be3 g6 20. Nf1 f5
21. f4 Re4 22. g3 Rbe8 23. Kf2 h6 24. Rd1 Bd8 25. Rxd3 g5 26. Kf3 g4+ 27. Kf2
h5 28. Nd2 R4e6 29. Nc4 Bc7 30. Ne5 Rd8 31. Ke2 h4 32. b4 hxg3 33. hxg3 Bxe5
34. fxe5 Kf7 35. Bg5 Rh8 36. Bh4 f4 37. Kf2 f3 38. Re3 a5 39. a3 axb4 40. axb4
Ra8 41. c4 Ra2+ 42. Ke1 Re8 43. d5 Ra1+ 44. Kf2 Rea8 45. e6+ Ke8 46. Re1 R8a2+
47. Kf1 Rxe1+ 48. Kxe1 Re2+ 49. Kf1 cxd5 50. cxd5 Rd2 51. Bg5 Rxd5 52. Be3 Ke7
53. Kf2 Kxe6 0-1

[Event "XVI Weekend B"]
[Site "Ceriano Laghetto ITA"]
[Date "2007.03.30"]
[Round "1"]
[White "Bernasconi, Roberto"]
[Black "Ronconi, Fausto"]
[Result "1-0"]
[WhiteElo "1935"]
[BlackElo "1739"]
[PlyCount "85"]
[EventDate "2007.03.30"]

1. e4 e6 2. d4 d5 3. Nd2 dxe4 4. Nxe4 Nd7 5. Nf3 Ngf6 6. Nxf6+ Nxf6 7. Ne5 a6
8. Bc4 Bd6 9. Bg5 O-O 10. O-O Bxe5 11. dxe5 Qxd1 12. Raxd1 Ne4 13. Be3 b5 14.
Be2 f6 15. f3 Ng5 16. c4 Nf7 17. exf6 gxf6 18. Bc5 Rd8 19. Rxd8+ Nxd8 20. Be7
Nf7 21. Bxf6 Nd6 22. b3 Rb8 23. cxb5 axb5 24. Rc1 Ra8 25. Rc2 b4 26. Bd4 Ba6
27. Kf2 Bxe2 28. Kxe2 Nb5 29. Be5 c6 30. g4 Kf7 31. Ke3 Ra7 32. Rxc6 Rxa2 33.
Rc4 Na3 34. Rc7+ Ke8 35. Rxh7 Nc2+ 36. Ke4 Ra3 37. Rc7 Ne1 38. Bg3 Nxf3 39.
Kxf3 Rxb3+ 40. Ke4 Rb1 41. Ke5 b3 42. Kxe6 b2 43. Rc8# 1-0

[Event "XVI Weekend B"]
[Site "Ceriano Laghetto ITA"]
[Date "2007.03.30"]
[Round "1"]
[White "Brighenti, Alessandro"]
[Black "Cervini, Gian Piero"]
[Result "0-1"]
[WhiteElo "1596"]
[BlackElo "1792"]
[PlyCount "44"]
[EventDate "2007.03.30"]

1. e4 d6 2. d4 Nf6 3. Nc3 g6 4. f4 Bg7 5. Nf3 O-O 6. Bd3 c6 7. e5 Ne8 8. Qe2
Na6 9. O-O Nb4 10. Bc4 d5 11. Bb3 Qa5 12. Be3 Nc7 13. Qe1 Ne6 14. Ne2 Qb6 15.
f5 Nc7 16. Qh4 Bxf5 17. Rac1 f6 18. Bh6 Ne6 19. Ng3 fxe5 20. Nxf5 Rxf5 21. Bxg7
Nxg7 22. Nxe5 Rxe5 0-1

[Event "XVI Weekend B"]
[Site "Ceriano Laghetto ITA"]
[Date "2007.03.30"]
[Round "1"]
[White "Colombo, Sandro"]
[Black "Greco, Umberto"]
[Result "1-0"]
[WhiteElo "1854"]
[BlackElo "1623"]
[PlyCount "75"]
[EventDate "2007.03.30"]

1. c4 c5 2. Nf3 Nf6 3. Nc3 Nc6 4. d4 cxd4 5. Nxd4 Nxd4 6. Qxd4 g6 7. Bg5 Bg7 8.
Nd5 Nh5 9. Qc5 d6 10. Qb4 Nf6 11. Bxf6 Bxf6 12. Nxf6+ exf6 13. Rd1 Ke7 14. c5
d5 15. e4 Qc7 16. exd5 Qe5+ 17. Be2 Kd8 18. Qa5+ Qc7 19. Qxc7+ Kxc7 20. O-O Bf5
21. Bb5 Bd7 22. d6+ Kd8 23. Bc4 Be6 24. Bxe6 fxe6 25. d7 Ke7 26. Rd6 e5 27. b4
f5 28. Rfd1 e4 29. b5 Raf8 30. c6 bxc6 31. bxc6 Kd8 32. Rb1 Kc7 33. Re6 Rb8 34.
Rxb8 Rxb8 35. h4 Rb1+ 36. Kh2 Rd1 37. Re8 Rd3 38. Rc8+ 1-0

[Event "XVI Weekend B"]
[Site "Ceriano Laghetto ITA"]
[Date "2007.03.30"]
[Round "1"]
[White "Ferraris, Fulvio"]
[Black "Cardani, Roberto"]
[Result "0-1"]
[WhiteElo "1712"]
[BlackElo "1887"]
[PlyCount "40"]
[EventDate "2007.03.30"]

1. d4 Nf6 2. c4 e6 3. Nf3 d5 4. a3 dxc4 5. Nc3 c5 6. Bg5 Nbd7 7. dxc5 Bxc5 8.
Bxf6 Qxf6 9. Qa4 b5 10. Qxb5 Rb8 11. Qxc4 O-O 12. b4 Ba6 13. Qb3 Ne5 14. Rc1
Qf4 15. Qc2 Bb6 16. Na4 Rbc8 17. Nc5 Rxc5 18. bxc5 Nxf3+ 19. gxf3 Ba5+ 20. Qc3
Qxc1# 0-1

[Event "XVI Weekend B"]
[Site "Ceriano Laghetto ITA"]
[Date "2007.03.30"]
[Round "1"]
[White "Libutti, Michele"]
[Black "Marcangeli, Alessandro"]
[Result "0-1"]
[WhiteElo "1887"]
[BlackElo "1706"]
[PlyCount "106"]
[EventDate "2007.03.30"]

1. d4 Nf6 2. c4 g6 3. Nc3 d5 4. Nf3 Bg7 5. e3 O-O 6. Be2 e6 7. O-O c5 8. Re1
Nc6 9. h3 cxd4 10. exd4 dxc4 11. Bxc4 a6 12. a4 Qc7 13. Qe2 b6 14. Be3 Bb7 15.
Red1 Na5 16. Ba2 Bd5 17. Nxd5 Nxd5 18. Bxd5 exd5 19. Rac1 Qb7 20. Ne5 Rfc8 21.
b4 Nc6 22. Nxc6 Rxc6 23. Rxc6 Qxc6 24. b5 axb5 25. axb5 Qd7 26. Rc1 Rc8 27.
Rxc8+ Qxc8 28. Qa2 Qd8 29. Qa7 Bf6 30. Qb7 h5 31. Qc6 Kg7 32. Kf1 h4 33. Kg1 g5
34. Kf1 Be7 35. Ke2 f6 36. Kf1 Qd6 37. Kg1 Kf7 38. Kf1 Qxc6 39. bxc6 Bd6 40. g3
hxg3 41. fxg3 Bxg3 42. Ke2 Ke7 43. Kf3 Bd6 44. Kg4 Kd8 45. Kf5 Kc7 46. Kxf6 Bf4
47. Bf2 Kxc6 48. Kf5 Bd2 49. h4 gxh4 50. Bxh4 b5 51. Be7 b4 52. Ke5 b3 53. Ba3
Bc3 0-1

[Event "XVI Weekend B"]
[Site "Ceriano Laghetto ITA"]
[Date "2007.03.30"]
[Round "1"]
[White "Palminteri, Vincenzo"]
[Black "Revinelli, Sergio"]
[Result "1/2-1/2"]
[WhiteElo "1613"]
[BlackElo "1844"]
[PlyCount "84"]
[EventDate "2007.03.30"]

1. e4 e5 2. Nf3 Nc6 3. d4 exd4 4. Bc4 Nf6 5. O-O Nxe4 6. Re1 d5 7. Bxd5 Qxd5 8.
Nc3 Qa5 9. Nxe4 Be6 10. Neg5 O-O-O 11. Nxe6 fxe6 12. Rxe6 Bd6 13. b3 Rhe8 14.
Rxe8 Rxe8 15. Bb2 Bb4 16. Kf1 Bc3 17. Bxc3 Qxc3 18. a3 Rd8 19. Rb1 d3 20. cxd3
Qxd3+ 21. Qxd3 Rxd3 22. Ke2 Rd5 23. Rd1 Rxd1 24. Kxd1 Kd7 25. Kd2 Kd6 26. Kc3
Kd5 27. h4 h6 28. Kd3 a6 29. g4 Na5 30. Nd4 c5 31. Nf5 Nxb3 32. Nxg7 c4+ 33.
Kc3 Nd4 34. Nh5 Nb5+ 35. Kb2 c3+ 36. Kc2 Nxa3+ 37. Kxc3 Nb5+ 38. Kb4 Ke6 39. f4
Nd6 40. Ng3 b6 41. g5 hxg5 42. fxg5 Kf7 1/2-1/2

[Event "XVI Weekend B"]
[Site "Ceriano Laghetto ITA"]
[Date "2007.03.30"]
[Round "1"]
[White "Pepa, Syrja"]
[Black "Tomasetto, Mauro"]
[Result "1/2-1/2"]
[WhiteElo "1814"]
[BlackElo "1602"]
[PlyCount "61"]
[EventDate "2007.03.30"]

1. e4 c5 2. Nf3 e6 3. d4 cxd4 4. Nxd4 Nc6 5. Be3 Qc7 6. Be2 a6 7. O-O Nf6 8. f3
Be7 9. Nd2 O-O 10. c3 d6 11. Rc1 Ne5 12. f4 Ned7 13. Bf3 Rb8 14. Qe1 b6 15. Qg3
Re8 16. e5 dxe5 17. Nc6 Nd5 18. Bxd5 exd5 19. Nxb8 Qxb8 20. fxe5 Nxe5 21. Bd4
Bd6 22. Rce1 Bd7 23. Kh1 Re6 24. Rf5 Rg6 25. Rg5 Nd3 26. Qxd3 Rxg5 27. Nf3 Rh5
28. Qxa6 Bxh2 29. Re2 Bc7+ 30. Kg1 Rh6 31. Re7 1/2-1/2

[Event "XVI Weekend B"]
[Site "Ceriano Laghetto ITA"]
[Date "2007.03.30"]
[Round "1"]
[White "Primerano, Carlo"]
[Black "Virzi, Ettore"]
[Result "0-1"]
[WhiteElo "1776"]
[BlackElo "1952"]
[PlyCount "48"]
[EventDate "2007.03.30"]

1. d4 Nf6 2. c4 e6 3. Nc3 Bb4 4. e3 O-O 5. Bd3 d5 6. Nf3 c5 7. O-O dxc4 8. Bxc4
Qe7 9. a3 Ba5 10. Qe2 Bd7 11. Rd1 Rc8 12. Bd2 cxd4 13. exd4 Nc6 14. Rac1 Bb6
15. Bg5 h6 16. Bh4 g5 17. d5 exd5 18. Qxe7 Nxe7 19. Nxd5 Nexd5 20. Ne5 Be6 21.
Bg3 Rd8 22. h3 Ne4 23. Kh1 Nxg3+ 24. fxg3 Ne3 0-1

[Event "XVI Weekend B"]
[Site "Ceriano Laghetto ITA"]
[Date "2007.03.30"]
[Round "1"]
[White "Regorda, Massimiliano"]
[Black "Bianchi, Massimiliano"]
[Result "1-0"]
[WhiteElo "1869"]
[BlackElo "1671"]
[PlyCount "151"]
[EventDate "2007.03.30"]

1. e4 e6 2. d4 d5 3. Nd2 dxe4 4. Nxe4 Nd7 5. Nf3 Ngf6 6. Nxf6+ Nxf6 7. Bd3 b6
8. c3 Bb7 9. O-O Be7 10. Re1 O-O 11. Bg5 h6 12. Bh4 Nh7 13. Bxe7 Qxe7 14. Be4
Bxe4 15. Rxe4 Rad8 16. Ne5 Nf6 17. Rf4 Rd6 18. Qf3 Nd5 19. Rg4 Nf6 20. Rg3 Nd7
21. Ng4 e5 22. Re1 Re6 23. d5 Rg6 24. Qe3 Re8 25. Nxh6+ gxh6 26. Rxg6+ fxg6 27.
Qxh6 Qg7 28. Qg5 Qf6 29. Qg4 Qf5 30. Qc4 Kg7 31. Qxc7 Rf8 32. f3 a5 33. Re4 Rf7
34. b4 Nf6 35. Qxe5 Qd7 36. bxa5 bxa5 37. d6 Qa7+ 38. Qd4 Qb7 39. Re2 Qa7 40.
Qxa7 Rxa7 41. c4 Rd7 42. c5 Kf7 43. Rc2 Ke6 44. c6 Rd8 45. d7 Nxd7 46. cxd7
Rxd7 47. Kf2 a4 48. Ke3 Rd6 49. Rc4 Ra6 50. Kd4 a3 51. Kc3 Rb6 52. Rb4 Rc6+ 53.
Kb3 Ra6 54. Ra4 Rd6 55. Kxa3 Rd2 56. Rg4 Kf5 57. Kb3 Rd3+ 58. Kb4 g5 59. a4 Rd1
60. a5 Rb1+ 61. Kc5 Rb2 62. a6 Ra2 63. Kb6 Rb2+ 64. Ka7 Rc2 65. h3 Rb2 66. Ka8
Rc2 67. a7 Rb2 68. g3 Rb3 69. h4 gxh4 70. gxh4 Rxf3 71. Rb4 Ke5 72. Kb7 Rf7+
73. Ka6 Rf6+ 74. Rb6 Rf8 75. Rb8 Rf6+ 76. Ka5 1-0

[Event "XVI Weekend B"]
[Site "Ceriano Laghetto ITA"]
[Date "2007.03.30"]
[Round "1"]
[White "Regorda, Vittorio"]
[Black "Schingaro, Angelo"]
[Result "1/2-1/2"]
[WhiteElo "1891"]
[BlackElo "1728"]
[PlyCount "150"]
[EventDate "2007.03.30"]

1. c4 Nf6 2. Nc3 g6 3. e4 d6 4. d4 Bg7 5. Be3 O-O 6. f3 e5 7. d5 Na6 8. Nge2 c5
9. Nc1 Nh5 10. Nd3 Qh4+ 11. Bf2 Qf6 12. Qd2 Nf4 13. O-O-O Bh6 14. Kb1 Nxd3 15.
Qxd3 Nb4 16. Qe2 a5 17. a3 Na6 18. Nb5 Qe7 19. Qe1 Nc7 20. Nc3 f5 21. Be3 Bxe3
22. Qxe3 f4 23. Qe1 Bd7 24. Be2 Kh8 25. h4 Be8 26. g3 fxg3 27. Qxg3 Rf6 28.
Rdg1 Qf8 29. Rh2 h5 30. Rhg2 Qh6 31. Qg5 Qxg5 32. Rxg5 Rf4 33. Rh1 Kh7 34. Nd1
b5 35. Nf2 bxc4 36. Rg3 Bd7 37. Bxc4 Nb5 38. Bxb5 Bxb5 39. Nh3 Rf6 40. Ng5+ Kh6
41. Kc2 Bd7 42. Rh2 Rb8 43. b3 a4 44. bxa4 Bxa4+ 45. Kc1 Rb3 46. Rb2 Rxb2 47.
Kxb2 Rf8 48. Rg2 Rb8+ 49. Kc1 Kg7 50. Rb2 Rxb2 51. Kxb2 Kf6 52. Kc3 Ke7 53. Kd3
Kd7 54. Ke3 Ke7 55. Nh7 Bd1 56. f4 exf4+ 57. Kxf4 Kf7 58. e5 Ke7 59. Ng5 Bb3
60. exd6+ Kxd6 61. Nf7+ Kxd5 62. Nh8 Bc2 63. Nf7 Kc4 64. Ke3 Kb3 65. Kd2 Bf5
66. Nd6 Kxa3 67. Kc3 Ka2 68. Kc4 Kb2 69. Kxc5 Kc3 70. Kd5 Kd3 71. Nxf5 gxf5 72.
Ke5 Ke3 73. Kxf5 Kf3 74. Ke5 Ke3 75. Kf5 Kf3 1/2-1/2

[Event "XVI Weekend B"]
[Site "Ceriano Laghetto ITA"]
[Date "2007.03.30"]
[Round "1"]
[White "Rossi, Giampiero"]
[Black "Ragusa, Luigi"]
[Result "1/2-1/2"]
[WhiteElo "1980"]
[BlackElo "1780"]
[PlyCount "136"]
[EventDate "2007.03.30"]

1. d4 Nf6 2. c4 g6 3. g3 Bg7 4. Bg2 O-O 5. Nc3 d6 6. Nf3 Nbd7 7. O-O e5 8. Qc2
exd4 9. Nxd4 a5 10. Rd1 Nc5 11. b3 Bd7 12. Bb2 Qc8 13. e3 Re8 14. Rd2 Ne6 15.
Nxe6 Bxe6 16. Re1 Bf5 17. e4 Re7 18. Rde2 Bg4 19. f3 Bd7 20. Qc1 Qf8 21. Qa1
Rae8 22. Nd1 Nh5 23. Bxg7 Qxg7 24. Qxg7+ Nxg7 25. Kf2 f5 26. Nc3 fxe4 27. Rxe4
Rxe4 28. Rxe4 Rxe4 29. Nxe4 Kf7 30. f4 h6 31. Nc3 c6 32. Be4 Nf5 33. Bxf5 Bxf5
34. Ke3 Ke6 35. Ne2 Bb1 36. a3 d5 37. cxd5+ cxd5 38. g4 Kd6 39. Kd4 Bc2 40. b4
axb4 41. axb4 Bd1 42. Ke3 b6 43. h4 Ke6 44. Nd4+ Kd6 45. g5 hxg5 46. hxg5 Bg4
47. Nb5+ Kc6 48. Nc3 Bf5 49. Kd4 Be6 50. Ke5 Bg8 51. Kd4 Be6 52. b5+ Kd6 53.
Na4 Kc7 54. Ke5 Bd7 55. Nc3 d4 56. Kxd4 Kd6 57. Na4 Bxb5 58. Nxb6 Bf1 59. Nd5
Bh3 60. Nc3 Ke6 61. Nd5 Kf5 62. Ke3 Ke6 63. Nf6 Bf5 64. Ne4 Bh3 65. Ng3 Bg4 66.
Ke4 Bd1 67. f5+ gxf5+ 68. Kf4 Bg4 1/2-1/2

[Event "XVI Weekend B"]
[Site "Ceriano Laghetto ITA"]
[Date "2007.03.30"]
[Round "1"]
[White "Viale, Fabio"]
[Black "Milanesi, Erminio"]
[Result "0-1"]
[WhiteElo "1703"]
[BlackElo "1878"]
[PlyCount "80"]
[EventDate "2007.03.30"]

1. d4 g6 2. c4 Nh6 3. Nc3 f6 4. e4 Nf7 5. Nf3 Bg7 6. Be2 c6 7. O-O O-O 8. h3 d6
9. Be3 Na6 10. Rb1 Nc7 11. Qc1 e5 12. Rd1 Qe7 13. dxe5 dxe5 14. b4 b6 15. Na4
Rd8 16. b5 Rxd1+ 17. Qxd1 c5 18. Rb2 Ne6 19. Nc3 Bb7 20. Rd2 Nd4 21. Nd5 Bxd5
22. cxd5 f5 23. exf5 gxf5 24. Bxd4 cxd4 25. Rc2 Qd7 26. Qc1 d3 27. Rc7 Qxd5 28.
Bd1 Qxa2 29. Ng5 Nd6 30. Nxh7 Kxh7 31. Qg5 Nf7 32. Qxf5+ Kg8 33. Bh5 Rf8 34.
Bg6 Nh6 35. Qd7 Qxf2+ 36. Kh2 Qf6 37. Bxd3 e4 38. Bc4+ Kh8 39. Rxa7 Qf4+ 40. g3
Qf2+ 0-1

[Event "XVI Weekend B"]
[Site "Ceriano Laghetto ITA"]
[Date "2007.03.31"]
[Round "2"]
[White "Bianchi, Massimiliano"]
[Black "Basilico, Davide"]
[Result "0-1"]
[WhiteElo "1671"]
[BlackElo "1632"]
[PlyCount "88"]
[EventDate "2007.03.30"]

1. e4 c6 2. d4 d5 3. Nc3 dxe4 4. Nxe4 Bf5 5. Ng3 Bg6 6. h4 h6 7. Nf3 Nd7 8. h5
Bh7 9. Bd3 Bxd3 10. Qxd3 Ngf6 11. Bd2 e6 12. O-O-O c5 13. Bc3 cxd4 14. Qxd4 Bc5
15. Qd2 O-O 16. Qe2 Nd5 17. Bd4 Be7 18. Ne5 Nxe5 19. Bxe5 Bg5+ 20. Kb1 Qa5 21.
Ne4 Rac8 22. a3 Be7 23. Rh3 f6 24. Bd6 Rf7 25. Rg3 Rd8 26. Bxe7 Rxe7 27. Rgd3
Rc8 28. g3 Rcc7 29. f4 f5 30. Nc3 Nxc3+ 31. Rxc3 Rxc3 32. Qd2 Rc5 33. b4 Qb5
34. Qd8+ Kf7 35. Qh8 Rd5 36. Rc1 Qe2 37. Qc8 Rd1 38. Qc3 Rxc1+ 39. Kxc1 Rd7 40.
Kb2 Qd2 41. Qc8 Qd5 42. c3 b5 43. Kc2 Qd2+ 44. Kb3 Qd1+ 0-1

[Event "XVI Weekend B"]
[Site "Ceriano Laghetto ITA"]
[Date "2007.03.31"]
[Round "2"]
[White "Cardani, Roberto"]
[Black "Cervini, Gian Piero"]
[Result "1-0"]
[WhiteElo "1887"]
[BlackElo "1792"]
[PlyCount "95"]
[EventDate "2007.03.30"]

1. e4 d6 2. d4 Nf6 3. Nc3 g6 4. Nf3 Bg7 5. Be2 O-O 6. O-O Nbd7 7. e5 Ne8 8. Bg5
f6 9. Bh4 fxe5 10. Nd5 Nef6 11. dxe5 Nxe5 12. Nxe5 dxe5 13. Bc4 Kh8 14. Re1
Nxd5 15. Qxd5 Qxd5 16. Bxd5 Bf5 17. Bxe7 Rfe8 18. Bg5 c6 19. Bb3 Be6 20. Bxe6
Rxe6 21. Rad1 b6 22. Rd7 h6 23. Be3 c5 24. Red1 Ree8 25. g4 g5 26. a4 Kg8 27.
R1d6 Bf8 28. Rg6+ Kh8 29. h4 gxh4 30. Bxh6 Bxh6 31. Rxh6+ Kg8 32. Rhh7 Red8 33.
Kg2 Rxd7 34. Rxd7 a6 35. Rb7 b5 36. axb5 axb5 37. Rxb5 Rc8 38. Rb7 Rd8 39. Rc7
Rd5 40. Kh3 e4 41. Kxh4 Rd2 42. Rxc5 Rxf2 43. Kg3 Rf3+ 44. Kg2 Kg7 45. Rg5+ Kh7
46. Rf5 Re3 47. Kf2 Rh3 48. Rh5+ 1-0

[Event "XVI Weekend B"]
[Site "Ceriano Laghetto ITA"]
[Date "2007.03.31"]
[Round "2"]
[White "Greco, Umberto"]
[Black "Ferraris, Fulvio"]
[Result "1/2-1/2"]
[WhiteElo "1623"]
[BlackElo "1712"]
[PlyCount "96"]
[EventDate "2007.03.30"]

1. Nf3 e6 2. c4 Nf6 3. Nc3 Bb4 4. Qc2 Bxc3 5. Qxc3 b6 6. g3 Bb7 7. Bg2 d5 8.
cxd5 Bxd5 9. O-O c5 10. d3 Nbd7 11. Bg5 h6 12. Bf4 O-O 13. a3 Rc8 14. b4 c4 15.
dxc4 Rxc4 16. Qb2 Re8 17. Rac1 b5 18. Rfd1 Qa8 19. Ne1 Bxg2 20. Nxg2 Nb6 21.
Ne3 Rxc1 22. Rxc1 Nfd5 23. Nxd5 Qxd5 24. Qe5 Qxe5 25. Bxe5 Nc4 26. Bd4 Ra8 27.
a4 a6 28. axb5 axb5 29. e3 Ra3 30. Bc5 Ra2 31. Bd4 f6 32. Ra1 Rxa1+ 33. Bxa1 e5
34. Kf1 Kf7 35. Ke2 Ke6 36. e4 g6 37. Bc3 f5 38. f3 h5 39. h4 Nd6 40. Kd3 Nf7
41. Bd2 Kf6 42. Be3 Nd6 43. Bg5+ Ke6 44. Be3 Nc8 45. Bc5 Kf6 46. f4 Ke6 47. Ke3
Nd6 48. Bxd6 Kxd6 1/2-1/2

[Event "XVI Weekend B"]
[Site "Ceriano Laghetto ITA"]
[Date "2007.03.31"]
[Round "2"]
[White "Libutti, Michele"]
[Black "Albrizio, Mauro"]
[Result "1-0"]
[WhiteElo "1887"]
[BlackElo "1736"]
[PlyCount "85"]
[EventDate "2007.03.30"]

1. d4 d5 2. c4 c6 3. Nf3 Nf6 4. Nc3 Bf5 5. e3 e6 6. cxd5 exd5 7. Bd3 Bxd3 8.
Qxd3 Bd6 9. O-O Nbd7 10. e4 dxe4 11. Nxe4 Bc7 12. Bg5 O-O 13. Rad1 Qe7 14. Rfe1
Qd8 15. b4 h6 16. Bh4 g5 17. Bg3 Nxe4 18. Rxe4 Bxg3 19. hxg3 Nf6 20. Re5 Qd7
21. b5 cxb5 22. Qxb5 Qxb5 23. Rxb5 b6 24. d5 Ne4 25. Rb3 Rfd8 26. Re3 Nd6 27.
Ne5 Kg7 28. Nc6 Rd7 29. f4 a5 30. fxg5 hxg5 31. g4 Re8 32. Kf2 Rxe3 33. Kxe3 f6
34. a4 Nc4+ 35. Kd4 Nb2 36. Ra1 Rd6 37. Ra2 Nd3 38. Kxd3 Rxd5+ 39. Nd4 Kg6 40.
Rb2 Rd6 41. Rb5 Kg7 42. Ke4 Kg6 43. Rd5 1-0